Humanidades (Registro nro. 19742)

Detalles MARC
000 -LEADER
campo de control de longitud fija 00444nam a2200157 i 4500
001 - NÚMERO DE CONTROL
campo de control 19742
003 - IDENTIFICADOR DE NÚMERO DE CONTROL
campo de control ES-MaACL
005 - FECHA Y HORA DE LA ÚLTIMA TRANSACCIÓN
campo de control 20230906152146.0
007 - CAMPO FIJO DE DESCRIPCIÓN FÍSICA--INFORMACIÓN GENERAL
campo de control de longitud fija t|
008 - DATOS DE LONGITUD FIJA--INFORMACIÓN GENERAL
campo de control de longitud fija 021010s1923 mx ||||1| spa d
100 1# - ENTRADA PRINCIPAL--NOMBRE DE PERSONA
Nombre de persona Abreu Gómez, Ernido.
9 (RLIN) 18157
245 10 - MENCIÓN DEL TÍTULO
Título Humanidades
Resto del título : farsa de tiempos idos /
Mención de responsabilidad, etc. escrita en prosa por Ernido Abreu Gómez.
260 ## - PUBLICACIÓN, DISTRIBUCIÓN, ETC.
Lugar de publicación, distribución, etc. México :
Nombre del editor, distribuidor, etc. D.E.,
Fecha de publicación, distribución, etc. 1923.
300 ## - DESCRIPCIÓN FÍSICA
Extensión 96 p. ;
Dimensiones 17 cm.
852 ## - LOCALIZACIÓN
Ubicación ES-MaACL
Número de control de estantería F-5363
Existencias
Estatus retirado Estado de pérdida Estado de daño No para préstamo Biblioteca de origen Biblioteca actual Ubicación en estantería Fecha de adquisición Fuente de adquisición Total de préstamos Signatura topográfica completa Código de barras Visto por última vez Precio de reemplazo Tipo de ítem Koha
        Biblioteca del Ateneo de Madrid Biblioteca del Ateneo de Madrid Depósito 2 17/01/2008     F-5363 1020212 23/02/2023 23/02/2023 Libro impreso